| 000 | 00524 a2200157 4500 | ||
|---|---|---|---|
| 999 |
_c5356 _d5356 |
||
| 010 | _aENG-86829 | ||
| 020 | _c70.00 | ||
| 035 | _aEN-70362 | ||
| 037 | _bDBAD / PUB | ||
| 082 | 1 | 4 | _a230.35 |
| 100 | 1 | _aRaghavendran, Tamraparni Subbachar | |
| 245 | 1 |
_aExcelent Etiraj of Erode Sri Sri 1008 Sri Sudhindhi Tirtha Maharaj / _cby Tamraparni Subbachar Raghavendran |
|
| 260 |
_aTiruchanur _bSri Madhva Siddhanta Onnahini Sabha _c2006 |
||
| 300 |
_axxiv, 168 p _c22 cm (Pbk) |
||
| 942 |
_adpl _cEN _2ddc _h230.35 _mRAG |
||